| 000 | 00574nam a2200181 i 4500 | ||
|---|---|---|---|
| 001 | 92271 | ||
| 003 | ES-MaACL | ||
| 005 | 20230906180931.0 | ||
| 007 | t| | ||
| 008 | 050224s1958 sp ||||1| spa d | ||
| 100 | 1 |
_aLichtwitz, A. _972195 |
|
| 245 | 1 | 0 |
_aClínica y terapéutica endocrinas / _cA. Lichtwitz y R. Parlier; traducción por el Dr, M. Jiménez Casado. |
| 260 |
_aMadrid : _bPaz Montalvo, _c1958. |
||
| 300 |
_aXXXII, 1120 p. : _bil. ; _c24 cm. |
||
| 700 | 1 |
_aParlier, R. _989194 |
|
| 700 | 1 |
_aJiménez Casado, M. _966475 |
|
| 852 |
_aES-MaACL _jC-13711 _bR.41608 |
||
| 999 |
_c92271 _d92271 |
||